Hunger and history : (Record no. 20028)

MARC details
000 -LEADER
fixed length control field 01557cam a2200373 a 4500
001 - CONTROL NUMBER
control field 4260306
003 - CONTROL NUMBER IDENTIFIER
control field OSt
005 - DATE AND TIME OF LATEST TRANSACTION
control field 20211125090442.0
008 - FIXED-LENGTH DATA ELEMENTS--GENERAL INFORMATION
fixed length control field 840919r19851983enka b 000 0 eng
010 ## - LIBRARY OF CONGRESS CONTROL NUMBER
LC control number 84021423
020 ## - INTERNATIONAL STANDARD BOOK NUMBER
International Standard Book Number 0521304385
020 ## - INTERNATIONAL STANDARD BOOK NUMBER
International Standard Book Number 0521315050 (pbk.)
040 ## - CATALOGING SOURCE
Original cataloging agency DLC
Transcribing agency HU
Modifying agency DLC
050 00 - LIBRARY OF CONGRESS CALL NUMBER
Classification number HD9000.5
Item number .H83 1985
082 00 - DEWEY DECIMAL CLASSIFICATION NUMBER
Classification number 363.8/09
Edition number 19
245 00 - TITLE STATEMENT
Title Hunger and history :
Remainder of title the impact of changing food production and consumption patterns on society /
Statement of responsibility, etc. edited by Robert I. Rotberg and Theodore K. Rabb ; contributors, Ester Boserup ... [et al.].
260 ## - PUBLICATION, DISTRIBUTION, ETC.
Place of publication, distribution, etc. Cambridge [Cambridgeshire] ;
-- New York :
Name of publisher, distributor, etc. Cambridge University Press,
Date of publication, distribution, etc. 1985, c1983.
300 ## - PHYSICAL DESCRIPTION
Extent 336 p. :
Other physical details ill. ;
Dimensions 24 cm.
490 0# - SERIES STATEMENT
Series statement Studies in interdisciplinary history
500 ## - GENERAL NOTE
General note Originally published as The Journal of interdisciplinary history, v. XIV, no. 2, Autumn 1983.
504 ## - BIBLIOGRAPHY, ETC. NOTE
Bibliography, etc. note Includes bibliographical references.
650 #0 - SUBJECT ADDED ENTRY--TOPICAL TERM
Topical term or geographic name entry element Food supply
General subdivision History.
9 (RLIN) 20413
650 #0 - SUBJECT ADDED ENTRY--TOPICAL TERM
Topical term or geographic name entry element Food consumption
General subdivision History.
9 (RLIN) 20414
650 #0 - SUBJECT ADDED ENTRY--TOPICAL TERM
Topical term or geographic name entry element Nutrition
General subdivision History.
9 (RLIN) 20415
650 #0 - SUBJECT ADDED ENTRY--TOPICAL TERM
Topical term or geographic name entry element Poverty
General subdivision History.
9 (RLIN) 20416
650 #0 - SUBJECT ADDED ENTRY--TOPICAL TERM
Topical term or geographic name entry element Malnutrition
General subdivision History.
9 (RLIN) 20417
700 1# - ADDED ENTRY--PERSONAL NAME
Personal name Rotberg, Robert I.
9 (RLIN) 10872
700 1# - ADDED ENTRY--PERSONAL NAME
Personal name Rabb, Theodore K.
9 (RLIN) 20418
700 1# - ADDED ENTRY--PERSONAL NAME
Personal name Boserup, Ester.
9 (RLIN) 20419
856 42 - ELECTRONIC LOCATION AND ACCESS
Materials specified Publisher description
Uniform Resource Identifier <a href="http://www.loc.gov/catdir/description/cam031/84021423.html">http://www.loc.gov/catdir/description/cam031/84021423.html</a>
856 41 - ELECTRONIC LOCATION AND ACCESS
Materials specified Table of contents only
Uniform Resource Identifier <a href="http://www.loc.gov/catdir/enhancements/fy1007/84021423-t.html">http://www.loc.gov/catdir/enhancements/fy1007/84021423-t.html</a>
906 ## - LOCAL DATA ELEMENT F, LDF (RLIN)
a 7
b cbc
c orignew
d 1
e ocip
f 19
g y-gencatlg
942 ## - ADDED ENTRY ELEMENTS (KOHA)
Source of classification or shelving scheme Dewey Decimal Classification
Koha item type Books like text book referance book
Suppress in OPAC No
Holdings
Withdrawn status Lost status Source of classification or shelving scheme Damaged status Not for loan Home library Current library Shelving location Date acquired Total Checkouts Full call number Barcode Date last seen Copy number Price effective from Koha item type
    Dewey Decimal Classification     Social Library Social Library General Stacks 11/25/2021   363.8HUN SHLIB 00003147 11/25/2021 1 11/25/2021 Books like text book referance book